Counties of Hawaii - Sudden Death - Statistics

General Stats
  • This quiz has been taken 21 times
  • The average score is 5 of 6
Answers on the Grid
Answers color-coded by a green-red scale on the quiz's grid according to % correct below.
Hawai'i
Honolulu
Kalawao
Kauai
Maui
Guam
Midway
Cocos
Mauna Kea
Cook
Washington
Kula
Luau
Oceania
Molokai
Lānaʻi
Saipan
CLICK TO WIN!
Waikapu
Kaho'olawe
 
Answer Stats
Answer % Correct
CLICK TO WIN!
100%
Hawai'i
100%
Honolulu
100%
Maui
100%
Kauai
50%
Kalawao
0%
No matching quizzes found
Score Distribution
Percent of People with Each Score
Percentile by Number Answered
Your Score History
You have not taken this quiz